000 02627nam0a2200397 i 4500
001 RU\NLR\bibl\1981960
005 20260408091301.0
010 _a9785998402579
_9300
021 _aRU
_b2012-94579
_97002
035 _a(nilc)RuMoRGB-006501089
035 _a(NLR Aleph) 001970627
090 _a3950391
_c3950391
100 _a20121217d2012 u y0rusy50 ca
101 0 _arus
102 _aRU
105 _aa |||||||||
200 1 _aРеагенты и материалы, технологические составы и буровые жидкости для строительства, эксплуатации и капитального ремонта нефтяных, газовых и газоконденсатных скважин
_eматериалы XVI Международной научно-практической конференции, г. Суздаль, 5-8 июня 2012 г.
_f[редкол.: В. Н. Кряжев (отв. ред.) и др.]
210 _aВладимир
_cИзд-во ВлГУ
_d2012
215 _a268 с.
_cил., табл.
_d21
300 _aВ надзаг.: ЗАО "Полицелл", ЗАО "НПО "Полицелл"", ООО "Сервисный центр СБМ", ЗАО НПК "Спецбурматериалы"
320 _aБиблиогр. в конце ст.
606 1 _aБуровые растворы
_jСъезды, совещания и т.п.
_91228957
_3RU\NLR\auth\66182916
610 0 _aреагенты для эксплуатации и ремонта нефтяных скважин
610 0 _aбуровые реагенты
610 0 _aводоизолирующие технологические жидкости
686 _aИ131.030.1-9я431(0)
686 _aИ36-3я431(0)
702 1 _aКрюков
_bС. В.
_4340
711 1 2 _a"Реагенты и материалы, технологические составы и буровые жидкости для строительства, эксплуатации и капитального ремонта нефтяных, газовых и газоконденсатных скважин", международная научно-практическая конференция
_d16
_eСуздаль
_f2012
_9345320
_3RU\NLR\AUTH\8810230151
801 0 _aRU
_bRuMoRKP
_c20121217
_gRCR
801 2 _aRU
_bРГБ
_c20130118
_grcr
801 1 _aRU
_bRuMoRKP
_c20121217
_2rusmarc
801 2 _aRU
_bNLR
_c20121221
_grcr
942 _cBOOK
980 _aNBR